Outrageous Celebrity Baby Names Quiz Stats

 Plays Quiz not verified by Sporcle

Challenge
Share
Tweet
Embed
Score 0/36 Timer 20:00
0 Plays Today
Baby Parent % Correct
SuriTom Cruise
80.9%
Apple and MosesGwyneth Paltrow
71.3%
Zahara Marley, Maddox Chivan Thornton, Shiloh Nouvel, Pax Thien, Knox Léon, and Vivenne MarchelineBrad Pitt and Angelina Jolie
71.1%
Rumer Glenn, Scout Larue, and Tallulah BelleBruce Willis and Demi Moore
58.7%
Harlow Winter KateNicole Richie
54.3%
Dweezil, Ahmet Emuukha Rodan, Moon Unit, and Diva MuffinFrank Zappa
47.2%
Fifi Trixibelle, Peaches Honeyblossom, and Little PixieBob Geldof
43.7%
Kal-elNicholas Cage
41.7%
Ryder RussellKate Hudson
40.4%
Poppy Honey and Daisy BooJamie Oliver
39.8%
Chastity and Elijah BlueCher
39.1%
Coco RileyCourtney Cox Arquette
38.7%
Max LironChristina Aguilera
26.1%
Emerson RoseTeri Hatcher
23.5%
Sage Moonblood, Seargeoh, Sophia Rose, Sistine Rose, and Scarlet RoseSylvester Stallone
23.3%
Rocket, Racer, Rebel, Rogue, and RhiannonRobert Rodriguez
18.3%
Denim Cole and Diezel KyToni Braxton
17.6%
Duncan Aowie Heywood JonesDavid Bowie
16.3%
Baby Parent % Correct
PumaErykah Badu
15%
Sailor LeeChristie Brinkley
14.8%
Audio ScienceShannyn Sossamon
11.1%
Banjo PatrickRachel Griffiths
10.9%
Moxie CrimeFighterPenn Jillette or Emily Jillette
10%
Homer James JigmeRichard Gere
9.3%
Tu Simone AyerRob Morrow
8.9%
Makena'lei GordonHelen Hunt
8.7%
Gaia RomillyEmma Thompson
8%
Teddy Jo, Justice, Hud, and Spec WildhorseJohn Cougar Mellencamp
7%
Beckett and Bailey JeanMelissa Etheridge
5.9%
Piper MaruGillian Anderson
4.8%
CameraArthur Ashe
4.1%
Dusti Raine and Keelee BreezeVanilla Ice
3%
Isaiah Akin, Thyme, and ImanIsaiah Washington
2.6%
Bogart Che Peyote and Rocco KokopelliDavid 'Puck' Rainey
2.2%
Seven SirusAndre Benjamin or Andre 3000
1.3%
AlcamyLance Henriksen
0.9%

You're not logged in!

Compare scores with friends on all Sporcle quizzes.
Join for Free
OR
Log In

You Might Also Like...

Show Comments

Extras

Top Quizzes Today


Score Distribution

Your Account Isn't Verified!

In order to create a playlist on Sporcle, you need to verify the email address you used during registration. Go to your Sporcle Settings to finish the process.

Report this User

Report this user for behavior that violates our Community Guidelines.

Details: